000 01049nam2a2200241 4500
001 rc\2853839
005 20260406044433.0
035 _a(NLR Aleph) 007008574
090 _a13576948
_c13576948
100 _a20110706d1929 u y0rusy50 ca
101 0 _arus
102 _aRU
105 _ay z |||||
200 1 _aМордовские сушильни хлеба в б. Саратовской губернии
210 _d1929
461 0 _1001rc\2853837
_12001#$aТруды Нижне-Волжского краевого музея$eВып. 1-$vВып. 2
_95791149
_aСаратовский краевой музей
_cСаратов
_d1929
_nБ. и.
_oВып. 1-
_tТруды Нижне-Волжского краевого музея
_vВып. 2
700 1 _4070
_8rus
_7ca
_aСтепанов
_bП. Д.
_cд-р ист. наук, археолог
_f1898-1974
_gПавел Дмитриевич
_3RU\NLR\AUTH\774298
_9114280
801 0 _aRU
_bNLR
_gpsbo
801 1 _aRU
_bELAR
_2rusmarc
852 _aNLR
_j86/653
942 _cUNSPEC
980 _aNB